[Event "AUTO-ADV-4782"]
[Site "http://www.queenalice.com/game.php?id=1835206"]
[Date "2024.4.16"]
[Round "1"]
[White "Carlos19"]
[Black "juim"]
[Result "0-1"]
[WhiteElo "1736"]
[BlackElo "1665"]

1. e4 e5 2. Nf3 d6 3. Bc4 Bg4 4. h3 Bh5 5. g4 Bg6 6. d3 Nc6 7. Nc3 Qe7 8. Ng5 h6
9. Nf3 O-O-O 10. a4 Na5 11. g5 hxg5 12. Nd5 Qd7 13. Bxg5 f6 14. Bh4 Nxc4 15. Qc1
Bh5 16. dxc4 Bxf3 17. Rg1 Bxe4 18. Bg3 Bxd5 19. cxd5 Qf7 20. c4 Nh6 21. f4 exf4
22. Bxf4 Qh5 23. Qe3 Re8 24. Qxe8+ Qxe8+ 25. Kd2 g5 26. Bh2 Bg7 27. Rae1 Qd7 28.
Re3 a6 29. b3 Re8 30. Reg3 Nf5 31. R3g2 Bh6 32. Kd3 Re3+ 33. Kc2 Rxh3 34. Bg3
Ne3+ 35. Kb2 Nxg2 36. Rxg2 Rh1 37. Rh2 Rxh2+ 38. Bxh2 Qf5 39. Bg1 Qf4 40. Kc3
Qc1+ 0-1

[Event "AUTO-ADV-4782"]
[Site "http://www.queenalice.com/game.php?id=1835207"]
[Date "2024.4.16"]
[Round "1"]
[White "juim"]
[Black "Carlos19"]
[Result "1-0"]
[WhiteElo "1678"]
[BlackElo "1725"]

1. e4 e5 2. d4 d6 3. dxe5 dxe5 4. Qxd8+ Kxd8 5. Bc4 Nh6 6. Nf3 Nc6 7. Bxh6 gxh6
8. Bxf7 a5 9. Bd5 Nd4 10. Nxd4 exd4 11. O-O c6 12. Bf7 Bg7 13. Nd2 Rf8 14. Bh5
b5 15. Nf3 d3 16. c3 b4 17. cxb4 axb4 18. b3 c5 19. Rfd1 Ba6 20. Nd2 Bb5 21. Nc4
Bxa1 22. Rxa1 Bxc4 23. bxc4 Rf4 24. Bf3 h5 25. Bxh5 Rxe4 26. Bf3 Rxc4 27. Bxa8
Rc3 28. h3 d2 29. Rd1 Rc1 30. Bf3 h6 31. Kf1 Rc2 32. Ke2 Rxa2 33. Kd3 Kd7 34.
Rxd2 Ra3+ 35. Kc4+ Kc7 36. Kxc5 b3 37. Rb2 Kb8 38. Kc4 Kc7 39. Rxb3 Ra2 40. Rb5
Rc2+ 41. Kd4 Rxf2 42. Rh5 Rd2+ 43. Ke3 Rd6 44. Ke4 Re6+ 45. Re5 Ra6 46. g4 Ra4+
47. Kf5 Ra3 48. Bg2 Ra2 49. Be4 Rh2 50. g5 hxg5 51. Kg4 Rg2+ 52. Bxg2 1-0

[Event "AUTO-ADV-4782"]
[Site "http://www.queenalice.com/game.php?id=1835218"]
[Date "2024.4.16"]
[Round "1"]
[White "oniwa"]
[Black "juim"]
[Result "1-0"]
[WhiteElo "2074"]
[BlackElo "1651"]

1. d4 d5 2. c4 dxc4 3. e4 Nc6 4. Nf3 Bg4 5. d5 Nb8 6. Bxc4 e6 7. Nc3 Bb4 8. Bd2
Nf6 9. e5 Nxd5 10. Nxd5 Bxd2+ 11. Qxd2 Bxf3 12. Nf6+ gxf6 13. Qxd8+ Kxd8 14.
gxf3 Nc6 15. exf6 Nd4 16. O-O-O e5 17. Bxf7 Rf8 18. Rhg1 Kd7 19. Rg7 Kc6 20.
Rxh7 Nxf3 21. Bd5+ Kb6 22. Bxf3 Rxf6 23. Rh3 Raf8 24. Be4 Rxf2 25. Rb3+ Ka6 26.
Bxb7+ Ka5 27. Rd5+ 1-0

[Event "AUTO-OPEN-4522"]
[Site "http://www.queenalice.com/game.php?id=1835263"]
[Date "2024.4.17"]
[Round "1"]
[White "juim"]
[Black "WHUSIRO"]
[Result "0-1"]
[WhiteElo "1667"]
[BlackElo "2093"]

1. e4 c5 2. d4 cxd4 3. Qxd4 Nc6 4. Qe3 d6 5. Bb5 Qc7 6. Nf3 a6 7. Bc4 h6 8. O-O
Nf6 9. Nc3 e6 10. b3 b5 11. Bd3 Be7 12. Nd4 Bb7 13. Nxc6 Qxc6 14. Be2 Nxe4 15.
f3 Nxc3 16. Bb2 Nxe2+ 17. Qxe2 e5 18. c4 O-O 19. cxb5 axb5 20. Rf2 Qb6 21. Kh1
Rfc8 22. Rff1 b4 23. Rfc1 Rxc1+ 24. Bxc1 Rc8 25. Be3 Qa6 26. Qe1 d5 27. Qg3 d4
28. Bxh6 Qxh6 29. Qxe5 Bf6 30. Qe1 d3 31. h3 d2 32. Qf1 Rc1 33. Rxc1 dxc1=Q 0-1

[Event "AUTO-OPEN-4522"]
[Site "http://www.queenalice.com/game.php?id=1835264"]
[Date "2024.4.17"]
[Round "1"]
[White "WHUSIRO"]
[Black "juim"]
[Result "1-0"]
[WhiteElo "2091"]
[BlackElo "1669"]

1. e4 d5 2. exd5 Qxd5 3. Nf3 Bg4 4. Nc3 Qh5 5. Be2 Nc6 6. h3 Bxf3 7. Bxf3 Qe5+
8. Qe2 Qxe2+ 9. Nxe2 O-O-O 10. d3 Nb4 11. Kd1 e6 12. a3 Nxd3 13. cxd3 Rxd3+ 14.
Kc2 Rd7 15. Be3 Bd6 16. Rad1 Kb8 17. Nc3 Nf6 18. Nb5 a6 19. Nxd6 cxd6 20. Kb1
Nd5 21. Bxd5 exd5 22. Rxd5 Re8 23. Rhd1 h6 24. Rxd6 Rxd6 25. Rxd6 Re5 26. Rd2 g5
27. Rd7 f5 28. Bd4 Re6 29. Rd5 Kc7 30. Rxf5 Rd6 31. Be5 1-0

[Event "AUTO-OPEN-4522"]
[Site "http://www.queenalice.com/game.php?id=1835265"]
[Date "2024.4.17"]
[Round "1"]
[White "juim"]
[Black "chessman"]
[Result "0-1"]
[WhiteElo "1682"]
[BlackElo "1986"]

1. e4 e6 2. d4 d5 3. e5 c5 4. dxc5 Bxc5 5. Nf3 Ne7 6. Bd3 Nbc6 7. O-O O-O 8. Bg5
Qc7 9. Bxe7 Qxe7 10. c4 dxc4 11. Bxc4 b6 12. Nc3 Bb7 13. Ne4 Rad8 14. Qb3 Na5
15. Qc3 Bxe4 16. Nd2 Bg6 17. a3 Rxd2 18. Qxd2 Nxc4 19. Qe2 b5 20. b3 Nxa3 21. h3
b4 22. Rad1 Bc2 23. Rc1 Bxb3 24. Qb2 a5 25. Qxb3 Nb5 26. Qa4 Nc3 27. Qc2 Rd8 28.
Qb2 Qd7 29. Qc2 Qd2 30. Qxd2 Rxd2 31. Kh2 Bxf2 32. Ra1 Bb6 33. Rf3 a4 34. Rf4
Bc5 35. Rc4 Rd5 36. Re1 a3 37. Rf4 a2 38. Rf2 Bxf2 39. Rf1 Bc5 40. Re1 Nb1 41.
Kg3 a1=Q 42. h4 Rd3+ 43. Kh2 Qb2 44. Rg1 Bxg1+ 0-1

[Event "AUTO-OPEN-4522"]
[Site "http://www.queenalice.com/game.php?id=1835266"]
[Date "2024.4.17"]
[Round "1"]
[White "chessman"]
[Black "juim"]
[Result "1-0"]
[WhiteElo "1975"]
[BlackElo "1672"]

1. e4 d5 2. exd5 Qxd5 3. Nf3 Bg4 4. Be2 Nc6 5. O-O Bxf3 6. Bxf3 Qd6 7. Re1 O-O-O
8. c3 Ne5 9. d4 Nxf3+ 10. Qxf3 f6 11. a4 e5 12. dxe5 fxe5 13. a5 a6 14. Na3 Nf6
15. b4 Qd3 16. Qxd3 Rxd3 17. Bg5 Bd6 18. Rac1 Rd2 19. Nc4 Rd3 20. Nxe5 Rd5 21.
Bxf6 gxf6 22. Nf7 Rg8 23. Nxd6+ Rxd6 24. Rcd1 Rc6 25. Rd3 f5 26. Re7 h5 27. Rf7
Re6 28. g3 h4 29. c4 h3 30. Rd1 f4 31. Rxf4 Rge8 32. Rf1 Re1 33. Rh4 R1e4 34.
Rxh3 Rxc4 35. Rh4 Rxh4 36. gxh4 Re4 37. Rb1 Rxh4 38. f3 Rd4 39. Rb2 Rd5 40. Kg2
c5 41. Rc2 Kd7 42. bxc5 Kc6 43. h4 Rd4 44. Kg3 Rb4 45. h5 Rb5 46. h6 Rxa5 47. h7
Kb5 48. h8=Q Ka4 49. c6 bxc6 50. Qa1+ Kb5 51. Qb2+ Ka4 52. Rc4# 1-0

[Event "AUTO-OPEN-4522"]
[Site "http://www.queenalice.com/game.php?id=1835267"]
[Date "2024.4.17"]
[Round "1"]
[White "juim"]
[Black "game"]
[Result "1-0"]
[WhiteElo "1684"]
[BlackElo "1517"]

1. e4 d6 2. d4 Nf6 3. e5 dxe5 4. Nf3 Bg4 5. Be2 e4 6. Nh4 Bxe2 7. Qxe2 e5 8.
dxe5 Nfd7 9. Qxe4 Be7 10. O-O Bxh4 11. Qxb7 Na6 12. Qxa6 Nxe5 13. Qb5+ Nd7 14.
Be3 Rb8 15. Qh5 g6 16. Qf3 Bf6 17. Nd2 Ne5 18. Qe4 Rxb2 19. Rfb1 Rxb1+ 20. Rxb1
Ke7 21. f4 Kd7 22. c3 Kc8 23. fxe5 Re8 24. Nc4 Bh4 25. Qa8+ Kd7 26. Rd1+ Ke7 27.
Rxd8 Rxd8 28. Bc5+ Kd7 29. Qf3 Re8 30. Qg4+ Kd8 31. Qxh4+ Kc8 32. Qxh7 Kb7 33.
Bd6 Rd8 34. Qxf7 1-0

[Event "AUTO-OPEN-4522"]
[Site "http://www.queenalice.com/game.php?id=1835268"]
[Date "2024.4.17"]
[Round "1"]
[White "game"]
[Black "juim"]
[Result "0-1"]
[WhiteElo "1504"]
[BlackElo "1694"]

1. e4 d5 2. Nf3 dxe4 3. Ng5 Bf5 4. Nc3 h6 5. Nh3 Bxh3 6. gxh3 Nc6 7. Nxe4 Nf6 8.
d3 e5 9. c4 Nxe4 10. dxe4 Qxd1+ 11. Kxd1 O-O-O+ 12. Bd2 b6 13. a4 Nd4 14. a5 Nb3
15. Rb1 Nxd2 16. Rc1 Nb3+ 17. Kc2 Nxc1 18. Bg2 Ne2 19. axb6 cxb6 20. Ra1 a5 21.
h4 Rd6 22. Re1 Nd4+ 23. Kc3 Rf6 24. Rf1 Rc6 25. b4 Bxb4+ 26. Kd3 b5 27. cxb5
Rc3+ 28. Kd2 Rg3+ 29. Kd1 Rxg2 30. Kc1 Rxh2 31. Kd1 Rxh4 32. f3 Rh3 33. Kc1 Rxf3
34. Rxf3 Nxf3 35. Kc2 g5 36. Kb3 Nd2+ 37. Ka4 Nxe4 38. b6 g4 39. Kb5 g3 40. Ka6
Kb8 41. Kb5 g2 42. Kc6 g1=Q 43. b7 Qc5+ 0-1

[Event "AUTO-INT-3860"]
[Site "http://www.queenalice.com/game.php?id=1835548"]
[Date "2024.4.23"]
[Round "2"]
[White "juim"]
[Black "game"]
[Result "1-0"]
[WhiteElo "1678"]
[BlackElo "1461"]

1. e4 e5 2. d4 d6 3. dxe5 dxe5 4. Qxd8+ Kxd8 5. Bc4 Nc6 6. Bxf7 Nb4 7. Bb3 Nf6
8. Nc3 h5 9. Bd2 a5 10. a3 Nc6 11. Nf3 a4 12. Bd5 Ng4 13. Bxc6 bxc6 14. Nxa4
Rxa4 15. O-O Ba6 16. Rfd1 Bc5 17. Bg5+ Ke8 18. Rd8+ Kf7 19. Rxh8 Bxf2+ 20. Kh1
Rxe4 21. Rd1 Ne3 22. Bxe3 Rxe3 23. h3 e4 24. Ng5+ Kg6 25. Ne6 Kf5 26. Nxc7 Be2
27. Rd7 Kg5 28. Rxg7+ Kh4 29. Rf8 Bg3 30. Rgf7 Bf3 31. gxf3 Re1+ 32. Kg2 e3 33.
Rg7 Re2+ 34. Kf1 Re1+ 35. Kg2 Re2+ 36. Kf1 Rf2+ 37. Kg1 Rh2 38. Rxg3 Kxg3 39.
Rg8+ Kxh3 40. Ne6 e2 41. Nf4+ Kh4 42. Kxh2 e1=Q 43. Ng2# 1-0

[Event "AUTO-INT-3860"]
[Site "http://www.queenalice.com/game.php?id=1835549"]
[Date "2024.4.23"]
[Round "2"]
[White "game"]
[Black "juim"]
[Result "1-0"]
[WhiteElo "1446"]
[BlackElo "1709"]

1. e4 d5 2. e5 e6 3. d4 Nc6 4. Nf3 Bb4+ 5. Nc3 Bxc3+ 6. bxc3 Bd7 7. Ng5 h6 8.
Nf3 Qe7 9. Bd3 O-O-O 10. O-O f6 11. Re1 fxe5 12. Nxe5 Nxe5 13. dxe5 Bc6 14. a4
Qh4 15. f4 Ne7 16. Ba3 Nf5 17. a5 g5 18. Bxf5 Qxf4 19. Be7 Rde8 20. Bxe6+ Bd7
21. Bf6 Rhf8 22. Bxd5 c6 23. Bf3 a6 24. Qd6 Rf7 25. Bh5 Re6 26. Qd3 Rf8 27. Rf1
Qh4 28. Bg6 c5 29. Bf5 Bb5 30. Bxe6+ Kb8 31. Qd6+ Ka7 32. Qxf8 Bxf1 33. Qxc5+
Ka8 34. Rxf1 Qe4 35. Bxg5 hxg5 36. Rf8# 1-0

[Event "AUTO-INT-3861"]
[Site "http://www.queenalice.com/game.php?id=1835764"]
[Date "2024.4.27"]
[Round "2"]
[White "juim"]
[Black "SGF"]
[Result "0-1"]
[WhiteElo "1687"]
[BlackElo "1820"]

1. e4 e5 2. d4 Qf6 3. d5 Bc5 4. Nf3 h6 5. Nc3 c6 6. dxc6 dxc6 7. Na4 b6 8. Nxc5
bxc5 9. Be3 Qe7 10. Bd3 a5 11. Bc4 Bg4 12. O-O Nd7 13. h3 Bxf3 14. Qxf3 Qf6 15.
Qg4 Ne7 16. Rfd1 Rd8 17. Bxc5 Nxc5 18. Rxd8+ Kxd8 19. Rd1+ Ke8 20. Rd2 h5 21.
Qd1 Ng6 22. Rd6 Ne6 23. Rxc6 Ne7 24. Ra6 Nc8 25. Bb5+ Kf8 26. Ra8 Qd8 27. Qf3 g5
28. Bc4 g4 29. Qf5 Kg7 30. Qxe5+ Qf6 31. Qb5 Nd6 32. Qc6 Rxa8 33. Qxa8 Nxc4 34.
Qd5 g3 35. f3 Qxb2 36. Qxc4 Qb6+ 0-1

[Event "AUTO-INT-3861"]
[Site "http://www.queenalice.com/game.php?id=1835771"]
[Date "2024.4.27"]
[Round "2"]
[White "juim"]
[Black "game"]
[Result "1-0"]
[WhiteElo "1702"]
[BlackElo "1472"]

1. e4 e5 2. d4 d6 3. d5 Nf6 4. Bd3 Nc6 5. Nf3 Bg4 6. O-O Nd4 7. Be3 h5 8. h3 Be6
9. Nc3 Bd7 10. Ng5 c6 11. f4 cxd5 12. Bxd4 exd4 13. exd5 dxc3 14. bxc3 Nxd5 15.
Be4 Ne3 16. Qd3 Nxf1 17. Rxf1 f6 18. Bg6+ Ke7 19. Qe4+ Be6 20. Qxe6# 1-0

[Event "AUTO-INT-3861"]
[Site "http://www.queenalice.com/game.php?id=1835772"]
[Date "2024.4.27"]
[Round "2"]
[White "game"]
[Black "juim"]
[Result "1-0"]
[WhiteElo "1454"]
[BlackElo "1685"]

1. d4 d5 2. Nf3 Bg4 3. e3 Nc6 4. Bb5 Qd7 5. O-O a6 6. Ba4 e6 7. h3 Bf5 8. Ne5
Bd6 9. Nxd7 Kxd7 10. f4 Nf6 11. Nc3 h5 12. Bxc6+ bxc6 13. e4 c5 14. exf5 exf5
15. Be3 cxd4 16. Qxd4 c5 17. Qa4+ Ke6 18. Qc6 Rhc8 19. Qa4 Nd7 20. Rad1 Nb6 21.
Qb3 c4 22. Qxb6 Rab8 23. Qxa6 Ra8 24. Qb5 Rab8 25. Bb6 Rb7 26. Qxd5+ Ke7 27.
Qxb7+ Kf6 28. Rxd6# 1-0

[Event "AUTO-ADV-4789"]
[Site "http://www.queenalice.com/game.php?id=1836859"]
[Date "2024.5.15"]
[Round "1"]
[White "zmanomega"]
[Black "juim"]
[Result "0-1"]
[WhiteElo "1752"]
[BlackElo "1645"]

1. e4 d5 2. d4 dxe4 3. Bc4 Bf5 4. g4 Bg6 5. Be3 Nc6 6. c3 Na5 7. Be2 e6 8. Qa4+
Nc6 9. b4 Bd6 10. Bc4 a6 11. Qa3 a5 12. Qb2 axb4 13. d5 exd5 14. Bxd5 Nge7 15.
c4 O-O 16. Qc2 Nxd5 17. cxd5 Ne5 18. Ke2 Ra5 19. Qb3 c6 20. dxc6 bxc6 21. Nd2
Ra3 22. Qc2 Rc3 23. Qd1 Nd3 24. f3 Nb2 25. Qb1 Nc4 26. Kf2 exf3 27. Qd1 Nxe3 28.
Ngxf3 Nxd1+ 29. Raxd1 Bf4 30. Nb1 Qb6+ 31. Kg2 Rc2+ 32. Nbd2 Rxa2 0-1

[Event "AUTO-ADV-4789"]
[Site "http://www.queenalice.com/game.php?id=1836860"]
[Date "2024.5.15"]
[Round "1"]
[White "juim"]
[Black "zmanomega"]
[Result "0-1"]
[WhiteElo "1673"]
[BlackElo "1754"]

1. e4 e5 2. d4 Qh4 3. Bd3 exd4 4. Nf3 Qf6 5. O-O h6 6. Nbd2 d6 7. b3 g5 8. Bb2
c5 9. Nc4 g4 10. Nfd2 h5 11. a3 Nd7 12. b4 Ne5 13. Nb3 g3 14. fxg3 Qg6 15. b5 h4
16. gxh4 Rxh4 17. a4 Ng4 18. e5 Qg5 19. exd6 Be6 20. Re1 Rxh2 21. g3 Rh3 22. Re4
Rxg3+ 23. Kf1 Qf5+ 24. Rf4 Ne3+ 25. Ke1 Ng2+ 26. Ke2 Nxf4+ 27. Kd2 Nxd3 28. Qe2
Bh6+ 29. Kd1 Rg1+ 30. Qe1 Rxe1# 0-1

[Event "AUTO-ADV-4789"]
[Site "http://www.queenalice.com/game.php?id=1836871"]
[Date "2024.5.15"]
[Round "1"]
[White "Canaye14"]
[Black "juim"]
[Result "1/2-1/2"]
[WhiteElo "1945"]
[BlackElo "1662"]

1. d4 d5 2. Nf3 Bg4 3. e3 Nc6 4. h3 Be6 5. Bb5 Qd7 6. Ne5 Qd6 7. c4 dxc4 8. Nxc4
Qb4+ 9. Nbd2 Qxb5 10. b3 Nb4 11. O-O O-O-O 12. a4 Qg5 13. Nf3 Qg6 14. Nce5 Qe4
15. Ng5 Qf5 16. Nxe6 Qxe6 17. Qe1 Nc2 18. Qc3 Nxa1 19. Qxa1 g6 20. Qb1 Bg7 21.
Nc4 Nh6 22. Ba3 Rd5 23. Rc1 Rg5 24. g4 Nxg4 25. hxg4 Qxg4+ 26. Kf1 Qf3 27. Bxe7
Rh5 28. Ke1 Rh1+ 29. Kd2 Qxf2+ 30. Kc3 Rh3 31. Kb4 Re8 32. Bg5 Bh6 33. Bxh6 Rxh6
34. Nd6+ Kd7 35. Nxe8 c6 36. d5 Kxe8 37. dxc6 Qd2+ 38. Ka3 Qd6+ 39. b4 bxc6 40.
Qe4+ Kd7 41. Qg4+ Kc7 42. Qc4 Rh3 43. Qxf7+ Kb6 44. a5+ Ka6 45. Qf1+ Kb7 46.
Qxh3 Qd3+ 47. Kb2 1/2-1/2

[Event "AUTO-ADV-4789"]
[Site "http://www.queenalice.com/game.php?id=1836872"]
[Date "2024.5.15"]
[Round "1"]
[White "juim"]
[Black "Canaye14"]
[Result "0-1"]
[WhiteElo "1668"]
[BlackElo "1915"]

1. e4 e6 2. Bc4 d5 3. exd5 exd5 4. Bd3 c5 5. Nf3 Nc6 6. Bb5 Nf6 7. O-O Be7 8.
Bxc6+ bxc6 9. Ne5 Qc7 10. Re1 O-O 11. Qf3 Bd6 12. Nd3 Bxh2+ 13. Kf1 Bd6 14. b3
Bg4 15. Qe3 Rfe8 16. Qg5 h6 17. Qh4 Rxe1+ 18. Nxe1 Re8 19. Bb2 Be2+ 20. Kg1 Ng4
21. Nf3 Bxf3 22. gxf3 Re1+ 23. Kg2 Ne5 24. Bxe5 Rxe5 25. Nc3 Rg5+ 26. Kf1 Bh2
27. Ke2 Qe5+ 28. Kd3 Bf4 29. Ne4 dxe4+ 30. Ke2 exf3+ 31. Kd3 Qd4# 0-1

[Event "AUTO-INT-3878"]
[Site "http://www.queenalice.com/game.php?id=1836887"]
[Date "2024.5.15"]
[Round "1"]
[White "SamuraiJOM"]
[Black "juim"]
[Result "1-0"]
[WhiteElo "1714"]
[BlackElo "1665"]

1. e4 d5 2. exd5 Qxd5 3. Nc3 Qe6+ 4. Be2 Nc6 5. Nf3 Qf5 6. a3 Be6 7. Bd3 Qc5 8.
O-O Nd4 9. Re1 O-O-O 10. b4 Nxf3+ 11. Qxf3 Qd6 12. Nb5 Qb6 13. a4 Nf6 14. Bb2
Bd5 15. Qe3 Qxe3 16. dxe3 e6 17. Nxa7+ Kb8 18. Nb5 c6 19. Nc3 g6 20. e4 Bxe4 21.
Bxe4 Nxe4 22. Nxe4 Rg8 23. Nf6 Bg7 24. a5 Bxf6 25. Bxf6 Rd4 26. Bxd4 Rd8 27. Bb6
Rd2 28. c4 Rc2 29. c5 Rd2 30. Rab1 h5 31. h4 Kc8 32. Ra1 Kd7 33. Red1 Rxd1+ 34.
Rxd1+ Ke7 35. f4 f6 36. b5 cxb5 37. c6 1-0

[Event "AUTO-INT-3878"]
[Site "http://www.queenalice.com/game.php?id=1836888"]
[Date "2024.5.15"]
[Round "1"]
[White "juim"]
[Black "SamuraiJOM"]
[Result "0-1"]
[WhiteElo "1649"]
[BlackElo "1687"]

1. e4 e5 2. d4 Bd6 3. d5 Nf6 4. Bd3 c6 5. dxc6 Nxc6 6. Nf3 h6 7. O-O O-O 8. Bb5
a6 9. Bc4 Na5 10. Bd3 Bc5 11. Nc3 d6 12. b3 Ba7 13. Be3 Bxe3 14. fxe3 Be6 15. b4
Nc4 16. Bxc4 Bxc4 17. Rf2 Qb6 18. Qe1 Qxb4 19. Rb1 Qc5 20. Na4 Qc6 21. Rb6 Qxa4
22. Rxb7 a5 23. Nd2 d5 24. exd5 Bxd5 25. Rb2 e4 26. Rf5 Be6 27. Rf4 Qd7 28. Nxe4
Nxe4 29. Rxe4 Qd5 30. Rd4 Qg5 31. c4 Rfd8 32. Rb5 Qg6 33. Rd1 Bxc4 34. Rxd8+
Rxd8 35. Rxa5 Bd5 36. Qf1 h5 37. Ra3 Be4 38. Rb3 Rd1 39. Rb2 Rxf1+ 40. Kxf1 Qf6+
0-1

[Event "AUTO-OPEN-4528"]
[Site "http://www.queenalice.com/game.php?id=1837078"]
[Date "2024.5.19"]
[Round "1"]
[White "juim"]
[Black "maurice916"]
[Result "0-1"]
[WhiteElo "1652"]
[BlackElo "1872"]

1. e4 c6 2. Bc4 d5 3. Bb3 dxe4 4. Ne2 Nf6 5. O-O Bf5 6. Ng3 Bg6 7. c3 e6 8. f3
exf3 9. Qxf3 Be7 10. d4 O-O 11. Bg5 Nd5 12. Bxe7 Qxe7 13. Bxd5 cxd5 14. Nd2 Nc6
15. Rf2 Rad8 16. Nb3 b6 17. Nh5 Bxh5 18. Qh3 Bg6 19. Nd2 h6 20. Nf3 Qc7 21. Ne5
Nxe5 22. Re1 Nd3 23. Qxd3 Bxd3 24. Rf3 Be4 25. Rfe3 f5 26. Rg3 f4 27. Rg4 Bf5
28. Rh4 Be4 29. a4 Qe7 30. Rh3 Qg5 31. Ra1 Qxg2# 0-1

[Event "AUTO-OPEN-4528"]
[Site "http://www.queenalice.com/game.php?id=1837079"]
[Date "2024.5.19"]
[Round "1"]
[White "maurice916"]
[Black "juim"]
[Result "1-0"]
[WhiteElo "1864"]
[BlackElo "1660"]

1. Nf3 d5 2. e3 e6 3. b3 Bd6 4. Bb2 f6 5. c4 dxc4 6. bxc4 Nh6 7. Be2 O-O 8. O-O
Nf5 9. d4 Nc6 10. Nbd2 Bb4 11. a3 Ba5 12. Qc2 Re8 13. Nb3 Bd7 14. Nxa5 Nxa5 15.
c5 Bc6 16. Bc3 b6 17. Bxa5 bxa5 18. Rab1 Rb8 19. Bd3 Bxf3 20. gxf3 g6 21. Kh1 e5
22. Bxf5 exd4 23. Be4 f5 24. Bc6 Re6 25. Qc4 Kf7 26. Bd5 Rxb1 27. Bxe6+ Ke7 28.
Rxb1 dxe3 29. fxe3 c6 30. Rb7+ Kf6 31. Rf7+ Kg5 32. Qf4+ 1-0